LEADER 01093nam--2200373---450- 001 990003386450203316 005 20100413105025.0 010 $a978-88-240-1423-6 035 $a000338645 035 $aUSA01000338645 035 $a(ALEPH)000338645USA01 035 $a000338645 100 $a20100413d2009----km-y0itay50------ba 101 $aita 102 $aIT 105 $a||||||||001yy 200 1 $aVia Cassia I, Via Cimina$fDaniela Cavallo 210 $aRoma$cIstituto Poligrafico e Zecca dello Stato, Libreria dello Stato$d2009 215 $a183 p.$d24 cm 225 2 $aAntiche strade$iLazio 410 0$12001$aAntiche strade$iLazio 454 0$12001 606 0 $aStrade romane$2BNCF 676 $a914.562 700 1$aCAVALLO,$bDaniela$0573696 801 0$aIT$bsalbc$gISBD 912 $a990003386450203316 951 $aXI.5.B. 461$b221360 L.M.$cXI.5.B.$d00257339 959 $aBK 969 $aUMA 979 $aALESSANDRA$b90$c20100413$lUSA01$h1048 979 $aALESSANDRA$b90$c20100413$lUSA01$h1050 996 $aVia Cassia I, Via Cimina$91127267 997 $aUNISA LEADER 01542nam0 22002771i 450 001 VAN0056826 005 20061207120000.0 010 $a88-901693-9-7 100 $a20061205d2006 |0itac50 ba 101 $aita 102 $aIT 105 $a|||| ||||| 200 1 $aAtti dell'11. colloquio dell'Associazione italiana per lo studio e la conservazione del mosaico$econ il patrocinio del Ministero per i beni e le attivita culturali$eAncona, 16-19 febbraio 2005$fa cura di Claudia Angelelli. Indici degli atti dei colloqui 1.-10, Parte 2.-Indici analitici dei luoghi, delle tipologie, delle epigrafi, dei dati tecnici, dei restauri e delle applicazioni tecnologiche$fa cura di Claudia Angelelli ... [et al.] 210 $aTivoli$cScripta manent$d[2006] 215 $aXV, 789 p.$cill.$d24 cm. 517 1$3VAN0079645$aAtti dell'undicesimo colloquio dell'Associazione italiana per lo studio e la conservazione del mosaico 620 $dTivoli$3VANL001038 702 1$aAngelelli$bClaudia$3VANV035581 712 02$aAISCOM$3VANV035552 712 $aScripta manent$3VANV111766$4650 801 $aIT$bSOL$c20230616$gRICA 899 $aBIBLIOTECA DEL DIPARTIMENTO DI LETTERE E BENI CULTURALI$1IT-CE0103$2VAN07 912 $aVAN0056826 950 $aBIBLIOTECA DEL DIPARTIMENTO DI LETTERE E BENI CULTURALI$d07CONS D Ancona 2005 $e07 17303 20061205 996 $aAtti dell'11. colloquio dell'Associazione italiana per lo studio e la conservazione del mosaico$91424441 997 $aUNICAMPANIA LEADER 01446nam0 22002771i 450 001 VAN0053563 005 20060927120000.0 010 $a88-86796-01-3 100 $a20060927d1996 |0itac50 ba 101 $aita 102 $aIT 105 $a|||| ||||| 200 1 $aAtti del 3. Colloquio dell'associazione italiana per lo studio e la conservazione del mosaico ...$eBordighera, 6-10 dicembre 1995$fAISCOM, associazione italiana per lo studio e la conservazione del mosaico$ga cura di Federico Guidobaldi e Alessandra Guiglia Guidobaldi 210 $aBordighera$cIstituto internazionale di studi liguri$d[1996] 215 $aVII, 747 p.$cill.$d24 cm. 620 $dBordighera$3VANL001185 702 1$aGuidobaldi$bFederico$3VANV035553 702 1$aGuiglia Guidobaldi$bAlessandra$3VANV042258 710 02$aAISCOM$3VANV035552$0427197 712 $aIstituto internazionale di studi liguri$3VANV111304$4650 801 $aIT$bSOL$c20230616$gRICA 912 $aVAN0053563 950 $aBIBLIOTECA DEL DIPARTIMENTO DI LETTERE E BENI CULTURALI$d07CONS D Ravenna 1995 $e07DP 1133 20060927 950 $aBIBLIOTECA DEL DIPARTIMENTO DI LETTERE E BENI CULTURALI$d07CONS D Ravenna 1995 $e07DP 2449 20110504 996 $aAtti del 3. Colloquio dell'Associazione italiana per lo studio e la conservazione del mosaico ..$9729506 997 $aUNICAMPANIA